000 01057nam0a22002891 4500
001 RU\INFOCOMM_322\NLR\5000217996
005 20250613112002.0
035 _a(NLR Aleph) 009600897
090 _a9310127
_c9310127
100 _a20130309d1983 |||y0rusy50 ca
101 1 _aeng
_crus
102 _aRU
105 _ay z |||||
200 1 _aˆThe ‰transition from capitalism to socialism
_fV. Neznanov
_g[Transl. from the Russ. by Lyubov Ozerova]
210 _aM.
_cProgress
_dˆCop.‰1983
215 _a174 с.
_d16 см
225 1 _aLibrary of political knowledge
_vB. 5
300 _aНа обороте тит. л.: О путях перехода от капитализма к социализму / В. Незнанов
606 0 _aПереход от капитализма к социализму
_2nlr_sh1
620 _aМосква
686 _aУ011.72
_2rubbk
700 1 _aNeznanov
_bV. I.
_f1932-
_gViktor I.
801 1 _aRU
_bInfocomm
_c20130309
801 0 _aRU
_bINFOCOMM
_gPSBO
852 _aNLR
_jЭк15 Д-1/40
942 _cBOOK
980 _aNB